|
|
|
|
| LEADER |
00000nam0a2200000 4500 |
| 001 |
167879 |
| 005 |
20231101222723.0 |
| 010 |
|
|
|a 9785986721477
|
| 035 |
|
|
|a (RuTPU)RU\TPU\book\182131
|
| 090 |
|
|
|a 167879
|
| 100 |
|
|
|a 20091021d2009 km y0rusy50 ca
|
| 101 |
0 |
|
|a rus
|
| 102 |
|
|
|a RU
|
| 105 |
|
|
|a y z 001zy
|
| 200 |
1 |
|
|a Физико-химическая геотехнология урана на скальных месторождениях
|f В. Г. Иванов, Е. Н. Камнев, А. П. Смагин
|g Московский государственный горный университет (МГГУ)
|
| 210 |
|
|
|a Москва
|c Горная книга
|c Изд-во МГГУ
|d 2009
|
| 215 |
|
|
|a 376 с.
|
| 225 |
1 |
|
|a Атомная энергетика
|v Кн. 1
|
| 320 |
|
|
|a Библиогр.: с. 365-372.
|
| 330 |
|
|
|a Впервые с единых позиций освещены теоретические и практические вопросы совершенствования и дальнейшего внедрения эффективной энергосберегающей физико-химической геотехнологии урана на скальных месторождениях. Разработаны научные основы применения способов подземного и кучного выщелачивания с обоснованием критерия оценки эффективности и созданием экономико-математической модели, позволяющей определять область применения геотехнологии в конкретных условиях. Даны новые технические и технологические решения подземного и кучного выщелачивания на всех процессах, начиная с разведки месторождений и кончая аппаратурным оформлением. Обобщен положительный опыт внедрения геотехнологии на предприятиях атомной отрасли и детально обоснованы перспективы ее применения при разработке новых, в том числе резервных, урановых месторождений. Рассмотрены вопросы, связанные с охраной окружающей природной среды и обеспечением радиационной безопасности персонала. Уделено большое внимание проблеме проветривания рудников. Приведены экономические показатели, характеризующие геотехнологию, и на их основе выполнено ранжирование очередности промышленного освоения разведанных месторождений, показано значение широкомасштабного внедрения горно-химической технологии для развития уранодобывающей промышленности.
|
| 606 |
1 |
|
|a Уранодобывающая промышленность
|2 stltpush
|3 (RuTPU)RU\TPU\subj\63216
|9 80247
|
| 606 |
1 |
|
|a Урановые руды
|x Выщелачивание подземное
|2 stltpush
|3 (RuTPU)RU\TPU\subj\63199
|9 80230
|
| 610 |
1 |
|
|a горное дело
|
| 610 |
1 |
|
|a уран
|
| 610 |
1 |
|
|a подземное выщелачивание
|
| 610 |
1 |
|
|a кучное выщелачивание
|
| 610 |
1 |
|
|a технические решения
|
| 610 |
1 |
|
|a технологические решения
|
| 610 |
1 |
|
|a добыча
|
| 610 |
1 |
|
|a физико-химическая геотехнология
|
| 610 |
1 |
|
|a скальные месторождения
|
| 610 |
1 |
|
|a урановые рудники
|
| 610 |
1 |
|
|a переработка
|
| 610 |
1 |
|
|a окружающая природная среда
|
| 610 |
1 |
|
|a экология
|
| 610 |
1 |
|
|a радиационная безопасность
|
| 610 |
1 |
|
|a экономическая эффективность
|
| 675 |
|
|
|a 622.349
|v 3
|
| 675 |
|
|
|a 622.234.42
|v 3
|
| 700 |
|
1 |
|a Иванов
|b В. Г.
|g Виктор Георгиевич
|
| 701 |
|
1 |
|a Камнев
|b Е. Н.
|g Евгений Николаевич
|
| 701 |
|
1 |
|a Смагин
|b А. П.
|g Анатолий Петрович
|
| 712 |
0 |
2 |
|a Московский государственный горный университет (МГГУ)
|c (1993- )
|2 stltpush
|3 (RuTPU)RU\TPU\col\453
|
| 801 |
|
1 |
|a RU
|b 63413507
|c 20091021
|
| 801 |
|
2 |
|a RU
|b 63413507
|c 20140602
|g RCR
|
| 942 |
|
|
|c BK
|
| 959 |
|
|
|a 109/20091021
|d 1
|e 650,00
|f ЧЗТЛ:1
|